Statistics for Belarus National Airline's Remaining Destinations

Click here to take the quiz!

General Stats

  • This quiz has been taken 45 times
  • The average score is 11 of 22

Answer Stats

destination% Correct
Moscow
100%
St Petersburg
98%
Istanbul
68%
Almaty
65%
Baku
65%
Nur-Sultan
65%
Dubai
63%
Tbilisi
60%
Yerevan
60%
Belgrade
55%
Rostov-on-Don
50%
Kazan
48%
Nizhny Novgorod
48%
Tel Aviv
43%
Sochi
38%
Ashgabat
35%
Beirut
35%
Krasnodar
35%
Chișinău
25%
Batumi
18%
Kaliningrad
18%
Voronezh
13%

Score Distribution

Percentile by Number Answered

Percent of People with Each Score

Your Score History

You have not taken this quiz